000 00404nam a2200169Ia 4500
008 230524s9999 xx 000 0 und d
082 _a621.382
_bMEH
100 _aV.K.Mehta
245 0 _aPrinciples of Electronics
250 _a1ST
260 _aNEW DELHI
_bS.Chand
_c2005
300 _aXVI;619
500 _aQuantity Number: 188
650 _aElectronics
700 _a Rohit Mehta
942 _cBK
999 _c20963
_d20963